Statistics for All 50k+ Cities in Germany with a Map

Click here to take the quiz!

General Stats

  • This quiz has been taken 9,440 times
    (8,169 since last reset)
  • The average score is 78 of 193

Answers on the Map

Answers color-coded by a green-red scale on the quiz's map according to % correct below.
 

Answer Stats

RegionPopulationCity% Correct
Berlin3,664,088Berlin
98%
Hamburg1,852,478Hamburg
97%
Bavaria1,488,202Munich
96%
Brandenburg57,015Frankfurt
94%
Hesse764,104Frankfurt am Main
94%
North Rhine-Westphalia1,083,498Cologne
93%
Bremen566,573Bremen
90%
Saxony556,227Dresden
90%
Baden-Württemberg630,305Stuttgart
90%
Saxony597,493Leipzig
89%
North Rhine-Westphalia620,523Dusseldorf
88%
Bavaria515,543Nuremberg
87%
Lower Saxony534,049Hanover
86%
North Rhine-Westphalia587,696Dortmund
85%
North Rhine-Westphalia582,415Essen
83%
Schleswig-Holstein246,601Kiel
81%
North Rhine-Westphalia330,579Bonn
80%
North Rhine-Westphalia248,878Aix-la-Chapelle
79%
Saarland179,349Saarbrücken
76%
Brandenburg182,112Potsdam
75%
Baden-Württemberg309,721Mannheim
74%
Rhineland-Palatinate217,123Mainz
73%
Mecklenburg-Vorpommern209,061Rostock
73%
Baden-Württemberg230,940Freiburg im Breisgau
72%
Bavaria295,830Augsburg
70%
North Rhine-Westphalia333,509Bielefeld
70%
Schleswig-Holstein215,846Lübeck
69%
North Rhine-Westphalia495,885Duisburg
68%
Saxony-Anhalt235,775Magdeburg
68%
North Rhine-Westphalia316,403Münster
67%
Baden-Württemberg308,436Karlsruhe
66%
Baden-Württemberg126,405Ulm
65%
Lower Saxony123,840Wolfsburg
65%
Bremen113,557Bremerhaven
64%
North Rhine-Westphalia364,454Bochum
63%
Thuringia213,692Erfurt
63%
North Rhine-Westphalia355,004Wuppertal
63%
Baden-Württemberg158,741Heidelberg
62%
Saxony244,401Chemnitz
61%
North Rhine-Westphalia259,665Mönchengladbach
59%
Bavaria152,270Regensburg
59%
Saxony-Anhalt237,865Halle
58%
North Rhine-Westphalia259,105Gelsenkirchen
57%
Bavaria136,952Ingolstadt
57%
Thuringia110,731Jena
57%
Hesse201,048Kassel
57%
Rhineland-Palatinate113,388Koblenz
57%
North Rhine-Westphalia163,905Leverkusen
57%
Hesse278,609Wiesbaden
57%
Hesse159,174Darmstadt
56%
Schleswig-Holstein89,934Flensburg
56%
Rhineland-Palatinate110,674Trier
56%
Lower Saxony164,223Osnabrück
55%
Lower Saxony169,605Oldenburg
54%
Baden-Württemberg84,446Konstanz
53%
Bavaria126,954Würzburg
53%
Brandenburg98,693Cottbus
52%
Rhineland-Palatinate99,662Kaiserslautern
52%
Mecklenburg-Vorpommern95,609Schwerin
52%
Brandenburg72,040Brandenburg an der Havel
51%
North Rhine-Westphalia151,864Paderborn
51%
Baden-Württemberg55,449Baden-Baden
48%
Bavaria128,223Fürth
48%
Lower Saxony116,845Göttingen
47%
Rhineland-Palatinate172,557Ludwigshafen am Rhein
47%
Bavaria52,415Passau
46%
Thuringia92,126Gera
44%
Lower Saxony248,561Brunswick
43%
North Rhine-Westphalia178,967Hamm
43%
Thuringia65,098Weimar
43%
Saxony87,516Zwickau
43%
North Rhine-Westphalia226,844Krefeld
42%
North Rhine-Westphalia209,566Oberhausen
42%
Hesse130,892Offenbach am Main
42%
Rhineland-Palatinate83,459Worms
42%
Bavaria112,385Erlangen
41%
Bavaria76,674Bamberg
40%
Bavaria74,048Bayreuth
39%
North Rhine-Westphalia111,636Bergisch Gladbach
39%
Baden-Württemberg126,458Heilbronn
39%
Baden-Württemberg91,077Tübingen
39%
North Rhine-Westphalia188,687Hagen
38%
North Rhine-Westphalia159,193Solingen
38%
Lower Saxony75,189Wilhelmshaven
38%
Hesse67,980Fulda
37%
Saxony55,784Görlitz
37%
Baden-Württemberg126,016Pforzheim
37%
North Rhine-Westphalia101,943Siegen
37%
Bavaria58,841Neu-Ulm
36%
Mecklenburg-Vorpommern59,205Stralsund
36%
Hesse90,131Gießen
35%
Lower Saxony101,055Hildesheim
35%
Baden-Württemberg93,358Ludwigsburg
35%
Lower Saxony75,301Lüneburg
35%
Baden-Württemberg116,031Reutlingen
35%
Hesse97,137Hanau
34%
North Rhine-Westphalia170,921Mülheim an der Ruhr
34%
North Rhine-Westphalia153,109Neuss
34%
Bavaria63,591Rosenheim
34%
Bavaria70,858Aschaffenburg
33%
North Rhine-Westphalia117,388Bottrop
33%
Mecklenburg-Vorpommern59,282Greifswald
33%
North Rhine-Westphalia156,940Herne
33%
Hesse76,401Marburg
33%
Lower Saxony103,866Salzgitter
33%
Baden-Württemberg61,221Friedrichshafen
32%
Mecklenburg-Vorpommern63,372Neubrandenburg
32%
North Rhine-Westphalia110,705Recklinghausen
32%
Saxony-Anhalt79,354Dessau-Roßlau
31%
Baden-Württemberg50,776Ravensburg
31%
Baden-Württemberg85,686Villingen-Schwenningen
31%
North Rhine-Westphalia95,876Witten
31%
North Rhine-Westphalia91,272Düren
30%
North Rhine-Westphalia100,664Gütersloh
30%
Schleswig-Holstein79,905Neumünster
30%
Lower Saxony69,399Celle
29%
Baden-Württemberg92,722Esslingen am Neckar
29%
North Rhine-Westphalia103,487Moers
29%
Baden-Württemberg68,361Aalen
28%
North Rhine-Westphalia52,635Ahlen
28%
Bavaria73,065Landshut
28%
Baden-Württemberg60,388Offenburg
28%
North Rhine-Westphalia111,516Remscheid
28%
Bavaria53,319Schweinfurt
28%
Bavaria68,940Kempten
27%
North Rhine-Westphalia52,359Kleve
27%
North Rhine-Westphalia91,815Iserlohn
26%
North Rhine-Westphalia81,592Minden
26%
Saxony64,014Plauen
26%
Rhineland-Palatinate50,741Speyer
26%
Rhineland-Palatinate53,306Neustadt an der Weinstraße
25%
Lower Saxony77,503Delmenhorst
24%
Lower Saxony50,184Goslar
23%
North Rhine-Westphalia86,899Ratingen
23%
North Rhine-Westphalia74,097Detmold
22%
Baden-Württemberg57,974Göppingen
22%
Lower Saxony57,276Hameln
22%
North Rhine-Westphalia84,312Marl
22%
North Rhine-Westphalia71,061Bocholt
21%
North Rhine-Westphalia67,793Lippstadt
21%
North Rhine-Westphalia85,838Lünen
21%
Schleswig-Holstein79,155Norderstedt
21%
North Rhine-Westphalia58,816Unna
21%
Hesse54,092Bad Homburg vor der Höhe
20%
Baden-Württemberg50,121Böblingen
20%
Baden-Württemberg50,165Rastatt
20%
North Rhine-Westphalia76,123Rheine
20%
Hesse53,188Wetzlar
20%
Hesse65,972Rüsselsheim am Main
19%
Baden-Württemberg64,595Sindelfingen
19%
North Rhine-Westphalia60,329Wesel
19%
North Rhine-Westphalia73,126Castrop-Rauxel
18%
North Rhine-Westphalia75,518Gladbeck
18%
North Rhine-Westphalia66,495Herford
18%
Lower Saxony55,232Lingen
18%
Rhineland-Palatinate64,860Neuwied
18%
Lower Saxony53,839Nordhorn
18%
North Rhine-Westphalia77,376Viersen
18%
Lower Saxony52,121Wolfenbüttel
18%
Rhineland-Palatinate51,310Bad Kreuznach
17%
North Rhine-Westphalia58,466Euskirchen
17%
North Rhine-Westphalia71,911Lüdenscheid
17%
Lower Saxony50,249Peine
17%
Baden-Württemberg61,216Schwäbisch Gmünd
17%
North Rhine-Westphalia74,994Troisdorf
17%
North Rhine-Westphalia67,338Dinslaken
16%
North Rhine-Westphalia50,978Gummersbach
16%
North Rhine-Westphalia81,564Velbert
16%
North Rhine-Westphalia73,487Arnsberg
15%
North Rhine-Westphalia61,749Bergheim
15%
North Rhine-Westphalia64,500Dormagen
15%
North Rhine-Westphalia74,515Dorsten
15%
North Rhine-Westphalia63,941Grevenbroich
15%
North Rhine-Westphalia59,525Hürth
15%
North Rhine-Westphalia51,526Ibbenbüren
15%
North Rhine-Westphalia65,802Kerpen
15%
Lower Saxony54,684Langenhagen
15%
Baden-Württemberg55,526Waiblingen
15%
North Rhine-Westphalia56,172Eschweiler
14%
Lower Saxony61,021Garbsen
14%
North Rhine-Westphalia54,278Hattingen
14%
North Rhine-Westphalia55,590Sankt Augustin
14%
North Rhine-Westphalia54,166Bad Salzuflen
13%
North Rhine-Westphalia50,060Erftstadt
13%
North Rhine-Westphalia51,947Frechen
13%
North Rhine-Westphalia61,860Herten
13%
North Rhine-Westphalia55,274Hilden
13%
North Rhine-Westphalia59,112Langenfeld
13%
North Rhine-Westphalia54,636Pulheim
13%
North Rhine-Westphalia56,377Stolberg
13%
North Rhine-Westphalia56,479Meerbusch
12%
North Rhine-Westphalia52,452Menden
12%
North Rhine-Westphalia50,283Willich
11%

Score Distribution

Percentile by Number Answered

Percent of People with Each Score

Your Score History

You have not taken this quiz since the last reset